Manual Prc̀tico de Administracin̤

Bibliographic Details
Main Author: Morueco, Ral︢
Format: eBook
Language:Spanish
Published: Bogot:̀ Ediciones de la U, 2013
Subjects:
Online Access:Acceso restringido

MARC

LEADER 00000nam a22000007a 4500
005 20210514221851.0
007 cr|||| |||
008 210514s2013 co |||||s|||| 00||0 spa d
020 |a 978-958-762-164-8 
035 |a 33383 
040 |a vLex 
090 |c 11665  |d 11665 
100 1 |a Morueco, Ral︢ 
245 1 0 |a Manual Prc̀tico de Administracin̤  |h [Recurso electrn̤ico] /  |c Ral︢ Morueco 
256 |a Servicio en ln̕ea 
260 |a Bogot:̀  |b Ediciones de la U,  |c 2013 
300 |a 1 recurso electrn̤ico 
500 |a La profesin̤ del secretariado ha cambiado mucho a lo largo de los l︢timos aǫs, la idea de la secretaria (ya que tradicionalmente esta profesin̤ ha estado vinculada al sexo femenino) pasando escritos con la ya obsoleta mq̀uina de escribir ha pasado a la historia: los avances tecnolg̤icos, la globalizacin̤ y la continua modernizacin̤ de las empresas han hecho que hoy en da̕ se integren profesionales, hombres y mujeres (profesionales del secretariado) con una preparacin̤ multidisciplinar. 
506 1 |a Disponible solo en los productos indicados  |d vLex Global  |d vLex Global (Academic Edition, excluding Law Schools)  |d vLex Global (U.S. Academic Edition, Law Schools)  |d vLex Global (U.S. Academic Edition, excluding Law Schools)  |d vLex Global (Academic Edition, Law Schools) 
650 0 4 |a Economa̕ y negocios  |z Colombia 
740 0 |a vLex Libros (Servicio en ln̕ea) 
856 4 0 |u https://vlex.com/source/manual-practico-de-administracion-33383  |z Acceso restringido 
942 |c BOOK 
999 0 |a Economy and business